LEADER 01265cam0-2200337---450- 001 990005507780403321 005 20101019154929.0 035 $a000550778 035 $aFED01000550778 035 $a(Aleph)000550778FED01 035 $a000550778 100 $a19990604d1959----km-y0itay50------ba 101 0 $aita 102 $aIT 105 $aaf--b---00-yy 200 1 $aPremio Morgan's Paint$ebiennale per la pittura, la scultura e il bianco e nero$econ gli auspici del Comune, dell'Azienda autonoma di cura e soggiorno di Rimini, e dell'Ente provinciale per il turismo di Forli$eCatalogo dell'esposizione 1959$eRimini, Palazzo dell'Arengo, 15 luglio-30 agosto 1959$f[a cura di A. Emiliani e S. Paganelli] 210 $aPisa$cColorificio Toscano$d1959 215 $a[54] p., 90 c. di tav.$cill.$d24 cm 610 0 $aArte$aSec. 20.$aEsposizioni$a1959 676 $a707.4 676 $a709.45074 702 1$aEmiliani,$bAndrea$f<1931- > 702 1$aPaganelli,$bSergio 710 12$aPremio Morgan's paint,$d2.$f<1959>$0434722 801 0$aIT$bUNINA$gRICA$2UNIMARC 901 $aBK 912 $a990005507780403321 952 $a709.45 MOSTRE RIMINI 1959$bST.ARTE 5191$fFLFBC 959 $aFLFBC 996 $aPremio Morgan's paint$9294526 997 $aUNINA LEADER 01282nam 2200349Ia 450 001 996385075703316 005 20221108093711.0 035 $a(CKB)4940000000073417 035 $a(EEBO)2248514756 035 $a(OCoLC)11733988 035 $a(EXLCZ)994940000000073417 100 $a19850225d1668 uy | 101 0 $aeng 135 $aurbn||||a|bb| 200 14$aThe royal common-wealth's man, or King David's picture$b[electronic resource] $erepresented in a sermon preached at the solemnity of the funeral of Sir Tho. Adams, knight and baronet, and alderman of London ; in St. Katherine Creechurch, on the 10th of March, 1667 /$fby Nath. Hardy .. 210 $a[London?] In the Savoy $cPrinted by Tho. Newcomb, for William Grantham ...$d1668 215 $a[8], 40 p 300 $aReproduction of original in Cambridge University Library. 330 $aeebo-0021 606 $aChristian life$vSermons 606 $aFuneral sermons 615 0$aChristian life 615 0$aFuneral sermons. 700 $aHardy$b Nathaniel$f1618-1670.$0821523 801 0$bEAA 801 1$bEAA 801 2$bm/c 801 2$bWaOLN 906 $aBOOK 912 $a996385075703316 996 $aThe royal common-wealth's man, or King David's picture$92419824 997 $aUNISA